[Event "Santiago de Cuba Province-ch tt"]
[Site "Santiago de Cuba"]
[Date "2018.10.15"]
[Round "9.2"]
[White "Garcia Lambert, Hugo"]
[Black "Rodriguez Ruiz, Jose Manuel"]
[Result "1-0"]
[WhiteElo "1954"]
[BlackElo "1894"]
[PlyCount "59"]
[EventDate "2018.10.09"]
[EventType "team-tourn"]
[EventRounds "10"]
[EventCountry "CUB"]
[SourceTitle "EXT 2021"]
[Source "ChessBase"]
[SourceDate "2020.10.23"]
[SourceVersion "1"]
[SourceVersionDate "2020.10.23"]
[SourceQuality "1"]

1. e4 c5 2. Nf3 Nc6 3. d4 cxd4 4. Nxd4 Nf6 5. Nc3 e5 6. Ndb5 Bb4 7. a3 Bxc3+ 8. Nxc3 h6 9. Be3 0-0 10. Bc5 Re8 11. Bc4 d6 12. Qxd6 Nd4 13. Bd3 Be6 14. Qxd8 Rexd8 15. Bxd4 Rxd4 16. f3 a6 17. 0-0-0 Rc8 18. Be2 Nd7 19. Rd2 Rd8 20. Rhd1 Nb6 21. b3 Rc8 22. Kb2 Rcd8 23. Nd5 Rxd2 24. Rxd2 Nxd5 25. c4 f5 26. cxd5 fxe4 27. fxe4 Kf8 28. Rc2 Bxd5 29. exd5 Rxd5 30. Bf3 1-0

[Event "Santiago de Cuba Province-ch final"]
[Site "Santiago de Cuba"]
[Date "2018.10.01"]
[Round "9"]
[White "Vispo Silega, Yadiel"]
[Black "Garcia Lambert, Hugo"]
[Result "0-1"]
[WhiteElo "1988"]
[BlackElo "1954"]
[PlyCount "102"]
[EventDate "2018.09.26"]
[EventType "swiss"]
[EventRounds "9"]
[EventCountry "CUB"]
[SourceTitle "EXT 2021"]
[Source "ChessBase"]
[SourceDate "2020.10.23"]
[SourceVersion "1"]
[SourceVersionDate "2020.10.23"]
[SourceQuality "1"]

1. e4 c5 2. Nc3 d6 3. Bc4 Nc6 4. f4 e6 5. Nf3 g6 6. 0-0 Bg7 7. Bb5 Nge7 8. d3 0-0 9. g4 a6 10. Bxc6 Nxc6 11. f5 exf5 12. gxf5 gxf5 13. Bg5 f6 14. Bd2 fxe4 15. Nxe4 Bh3 16. Re1 Ne5 17. Nf2 Bd7 18. d4 cxd4 19. Nxd4 f5 20. Qh5 Qe8 21. Qxe8 Raxe8 22. Bc3 Bc6 23. Rad1 Nf3+ 24. Nxf3 Bxf3 25. Rd3 Bxc3 26. Rxe8 Rxe8 27. Rxf3 Bxb2 28. Rb3 Bd4 29. c3 Bxf2+ 30. Kxf2 Re7 31. Rb6 Rd7 32. Kf3 Kf7 33. Kf4 Ke6 34. c4 Rc7 35. c5 Rxc5 36. Rxb7 Rc4+ 37. Kg5 h6+ 38. Kh5 d5 39. Rb6+ Ke5 40. Rb1 Rc2 41. Re1+ Kf4 42. h4 d4 43. Rf1+ Ke4 44. Re1+ Kf3 45. Re6 d3 46. Rxa6 d2 47. Rd6 Ke2 48. Kxh6 d1Q 49. Rxd1 Kxd1 50. Kg5 Rh2 51. a4 f4 0-1

[Event "Santiago de Cuba Province-ch final"]
[Site "Santiago de Cuba"]
[Date "2018.09.30"]
[Round "8"]
[White "Garcia Lambert, Hugo"]
[Black "Del Rosario Silva, Dexnisi"]
[Result "1-0"]
[WhiteElo "1954"]
[BlackElo "1911"]
[PlyCount "67"]
[EventDate "2018.09.26"]
[EventType "swiss"]
[EventRounds "9"]
[EventCountry "CUB"]
[SourceTitle "EXT 2021"]
[Source "ChessBase"]
[SourceDate "2020.10.23"]
[SourceVersion "1"]
[SourceVersionDate "2020.10.23"]
[SourceQuality "1"]

1. e4 c5 2. Nf3 e6 3. d4 cxd4 4. Nxd4 Bc5 5. Nb3 Bb6 6. Bd3 Ne7 7. Nc3 0-0 8. Bg5 Nbc6 9. Qd2 f6 10. Be3 f5 11. 0-0-0 Bc7 12. g3 fxe4 13. Nxe4 d5 14. Ng5 Nf5 15. Nxh7 Kxh7 16. g4 Ne5 17. gxf5 Nxd3+ 18. Qxd3 exf5 19. Rhg1 Bb6 20. Nd4 Qf6 21. Bg5 Qe5 22. Qh3+ Kg8 23. Nf3 Qc7 24. Bh6 f4 25. Qh5 Rf7 26. Bxg7 Rxg7 27. Rxg7+ Qxg7 28. Rg1 Qxg1+ 29. Nxg1 Bxf2 30. Qxd5+ Kf8 31. Qd6+ Ke8 32. Qe5+ Kd8 33. Qxf4 Bxg1 34. Qg5+ 1-0

[Event "Santiago de Cuba Province-ch final"]
[Site "Santiago de Cuba"]
[Date "2018.09.27"]
[Round "3"]
[White "Garcia Lambert, Hugo"]
[Black "Rodriguez Basulto, Reyson Ricardo"]
[Result "1/2-1/2"]
[WhiteElo "1954"]
[BlackElo "1897"]
[PlyCount "95"]
[EventDate "2018.09.26"]
[EventType "swiss"]
[EventRounds "9"]
[EventCountry "CUB"]
[SourceTitle "EXT 2021"]
[Source "ChessBase"]
[SourceDate "2020.10.23"]
[SourceVersion "1"]
[SourceVersionDate "2020.10.23"]
[SourceQuality "1"]

1. e4 c5 2. Nf3 d6 3. d4 cxd4 4. Nxd4 a6 5. Nc3 Nf6 6. Be3 e5 7. Nb3 Be6 8. f3 h5 9. Qd2 Nbd7 10. 0-0-0 Rc8 11. Kb1 b5 12. Nd5 Bxd5 13. exd5 Nb6 14. Bxb6 Qxb6 15. Bd3 g6 16. f4 Bh6 17. Qe1 Ng4 18. f5 Nf2 19. fxg6 0-0 20. Bf5 Rc4 21. gxf7+ Kxf7 22. Qe2 Ke7 23. Qxh5 Rf6 24. g4 Rf4 25. Bg6 Nxd1 26. Qxh6 Ne3 27. Qg7+ Kd8 28. Bf5 R6xf5 29. gxf5 Nxf5 30. Qg5+ Ne7 31. h4 Qe3 32. Na5 Kd7 33. Rc1 Nxd5 34. Qg7+ Ne7 35. Nc6 Kxc6 36. Qxe7 Qh3 37. Rd1 Rf1 38. Qxd6+ Kb7 39. Qe7+ Kb6 40. Qd8+ Kb7 41. b3 Rxd1+ 42. Qxd1 Kc6 43. Qd8 Qh1+ 44. Kb2 e4 45. c4 b4 46. Qd5+ Kc7 47. Qc5+ Kd7 48. Qd5+ 1/2-1/2

[Event "Villa Santiago op"]
[Site "Santiago de Cuba"]
[Date "2018.08.09"]
[Round "2"]
[White "Garcia Lambert, Hugo"]
[Black "Venzant Batista, Marcia Camila"]
[Result "0-1"]
[WhiteElo "2000"]
[BlackElo "1914"]
[PlyCount "52"]
[EventDate "2018.08.08"]
[EventType "swiss"]
[EventRounds "7"]
[EventCountry "CUB"]
[SourceTitle "EXT 2021"]
[Source "ChessBase"]
[SourceDate "2020.10.23"]
[SourceVersion "1"]
[SourceVersionDate "2020.10.23"]
[SourceQuality "1"]

1. e4 e6 2. d4 d5 3. exd5 exd5 4. Bd3 Bd6 5. Nf3 Nc6 6. c3 Bg4 7. h3 Bh5 8. Be3 Nge7 9. Nbd2 Qd7 10. g4 Bg6 11. Nb3 h5 12. Bxg6 Nxg6 13. gxh5 Rxh5 14. Ng5 Rh8 15. Qc2 0-0-0 16. 0-0-0 Nf4 17. Nc5 Bxc5 18. Bxf4 Bb6 19. h4 f6 20. Nh7 Qg4 21. Be3 Qh5 22. Ng5 fxg5 23. Qf5+ Kb8 24. hxg5 Qe8 25. Rxh8 Qxh8 26. g6 Qf8 0-1

[Event "Ciudad Heroe op"]
[Site "Santiago de Cuba"]
[Date "2018.02.17"]
[Round "3"]
[White "Perez Lorenzo, Enmanuel"]
[Black "Garcia Lambert, Hugo"]
[Result "1/2-1/2"]
[WhiteElo "1913"]
[BlackElo "1966"]
[PlyCount "22"]
[EventDate "2018.02.15"]
[EventType "swiss"]
[EventRounds "7"]
[EventCountry "CUB"]
[SourceTitle "EXT 2021"]
[Source "ChessBase"]
[SourceDate "2020.10.23"]
[SourceVersion "1"]
[SourceVersionDate "2020.10.23"]
[SourceQuality "1"]

1. e4 c5 2. Nf3 Nc6 3. Bb5 d6 4. Bxc6+ bxc6 5. e5 dxe5 6. Nxe5 Qd5 7. Nf3 Bg4 8. Nc3 Bxf3 9. Qxf3 Qxf3 10. gxf3 e5 11. d3 f5 1/2-1/2